Countries by second letter R - Statistics

General Stats
  • This quiz has been taken 81 times
  • The average score is 13 of 15
Answer Stats
Answer % Correct
Argentina
98%
Armenia
98%
Croatia
96%
Greece
96%
Brazil
93%
France
91%
Eritrea
88%
Iran
88%
Iraq
88%
Uruguay
88%
Brunei
86%
Ireland
80%
Trinidad and Tobago
80%
Grenada
79%
Sri Lanka
75%
No matching quizzes found
Score Distribution
Percent of People with Each Score
Percentile by Number Answered
Your Score History
You have not taken this quiz